| 000 | 00357nam a22001337a 4500 | ||
|---|---|---|---|
| 003 | BD-ChCU | ||
| 005 | 20260622144503.0 | ||
| 040 | _cBD-ChCU | ||
| 082 | _a330.5 UNE | ||
| 100 |
_aUnited Nations _924075 |
||
| 245 |
_aEconomics bulletin for Asia and the far East ./ _cUnited Nations . |
||
| 260 |
_aNew York : _bUnited Nations . _cC 1970 |
||
| 942 |
_2ddc _cBK _n0 |
||
| 999 |
_c113516 _d113516 |
||